Otger Cataló y los nueve varones de la fama /
Descripción Física:
Il·lustracions
Colección:
San Jorge,
; núm. 17 (gener 1955), pàg 22-25
Idioma:
Español
MARC
| LEADER | 00000naa a2200000 a 4500 | ||
|---|---|---|---|
| 003 | Arxiu | ||
| 005 | 20260324181032.0 | ||
| 008 | 160829s1955 spcaxx s spa c | ||
| 040 | |a AGDB | ||
| 100 | 1 | |a Vilardaga Pujol, José Ma. |d 1886-1967 |q (José Maria), | |
| 245 | 1 | 0 | |a Otger Cataló y los nueve varones de la fama / |c J. A. Vilardaga |
| 300 | |b Il·lustracions | ||
| 490 | |a San Jorge, |v núm. 17 (gener 1955), pàg 22-25 | ||
| 600 | 0 | 0 | |9 55286 |a Otger Cataló (Personatge llegendari) |
| 600 | 0 | 0 | |9 55287 |a Otger Cataló (Personatge llegendari) |x Llegendes |
| 773 | |g Núm. 17 (gener 1955), pàg 22-25 |t San Jorge. | ||
| 901 | |a Arxiu | ||
| 942 | |n 1 |2 udc |c ART | ||
| 952 | |0 0 |1 0 |4 0 |6 REV510 |7 1 |9 65089 |a Arxiu |b Arxiu |d 2023-01-24 |l 0 |o Rev-510 |r 2023-01-24 00:00:00 |w 2023-01-24 |y ARXIU |z També disponible a Rev-524 | ||
| 999 | |c 47819 |d 47819 | ||